000 00443nam a2200181Ia 4500
005 20250423094454.0
008 250422s9999 xx 000 0 und d
020 _a0-673-52266-0
050 _aGN59.A59
100 _aPhillip Whitten
245 0 _aAnthropology: Contemporary Perspectives
260 _aNew York
260 _bHarperCollinsColledePublishers
260 _c1992
300 _a325 p
650 _aAnthropology
942 _cBK
999 _c27339
_d27339